| 000 | 00616nam a22002057a 4500 | ||
|---|---|---|---|
| 999 |
_c196729 _d196729 |
||
| 005 | 20230724105950.0 | ||
| 010 | _aENG-137527 | ||
| 020 |
_a9789392080272 _c160.00 |
||
| 035 | _aEN-121059 | ||
| 037 | _bDBAD/PUB | ||
| 082 | _a181.4 | ||
| 100 | _aYadav, Kanchan | ||
| 245 | 1 | 0 |
_aCompilation of Hatha Yoga Texts/ _cby Kanchan Yadav |
| 260 |
_aNew Delhi _bKitab Mahal _c2022 |
||
| 270 |
_a4655/21, Ansari Road, Daryaganj _bDelhi _e110002 |
||
| 300 |
_a172p. _c22cm(pbk) |
||
| 500 | _aIncludes Comparative Summary and Reference Texts | ||
| 700 | _aPankaj Patidar | ||
| 942 |
_2ddc _cEN _mYAD _h181.4 |
||